000 00971nam a2200253Ia 4500
003 OSt
005 20221005112514.0
006 a|||||r|||| 00| 0
007 ta
008 221004b |||||||| |||| 00| 0 pan d
020 _a9789351133636 (hbk)
_cINR 295.00
024 _a35722
037 _b1004, 13/11/2017, H.K. Prakashan
_cTextual
040 _aCRL
_cCRL
_bpan
041 _2pan
_apan
082 _aQ2:31(Y15), 153Q4
100 _aਸਿਧਾਰਥ ਕੁਮਾਰ, ਂਚ.
245 0 _aਵਿFਵ-ਸਭਿਅਤਾ ਵਿਚ ਦੇਵੀ ਪੂਜਾ ਅਤੇ ਪੰਜਾਬ ਵਿਚ ਜਗਰਾਤੇ
260 _aਚੰਡੀਗੜ
_bਲੋਕਗੀਤ ਪ੍ਰਕਾFਨ ਭਾਰਤ
_c2014
300 _a168ਪੰ
_ccm.
650 _aਹਿੰਦੂ ਧਰਮ
_9160881
942 _hQ2:31(Y15), 153Q4
_cTEXL
_2cc
999 _c1025089
_d1025089